Ruotsin maakunnat - Statistics

Yleistilastot
  • Tätä visaa on pelattu 842 kertaa
  • Keskiarvotulos 10 / 25
Vastaukset kartalla
Vastauksille on annettu kartalla punavihreä väri sen mukaan, kuinka moni on saanut sen oikein.
 
Vastaustilastot
Maakunta % Oikein
Skåne
76%
Lappi
75%
Gotlanti
72%
Norrbotten
59%
Västerbotten
58%
Öölanti
55%
Taalainmaa
55%
Länsi-Götanmaa
45%
Itä-Götanmaa
43%
Småland
39%
Jämtland
38%
Södermanland
37%
Blekinge
36%
Uplanti
35%
Halland
34%
Värmlanti
33%
Ångermanland
31%
Hälsingland
28%
Medelpad
27%
Bohuslän
26%
Närke
26%
Härjedalen
25%
Västmanland
25%
Dalsland
24%
Gästrikland
20%
Ehtoja vastaavia visoja ei löytynyt
Tulosjakauma
Jokaisen tuloksen saaneiden osuus
Persentiili vastausten määrän mukaan
Tuloshistoriasi
Et ole pelannut tätä visaa